000 00291nam a2200121Ia 4500
008 191201s2013 xx 000 0 und d
100 _aTHAREJA, Reema
245 0 _aIntroduction to C programming
250 _aIMP
260 _c2013
_bOxford
_aNEW DELHI
300 _a434
942 _2ddc
_cBK
_012
999 _c7893
_d7893